Vývozní a dovozní operace

Guardado en:
Detalles Bibliográficos
Autor principal: Janatka, František
Otros Autores: Strnad, Antonín
Formato: Libro
Lenguaje:checo
Publicado: Praha Státní nakladatelství technické literatury 1984
Etiquetas: Agregar Etiqueta
Sin Etiquetas, Sea el primero en etiquetar este registro!

MARC

LEADER 00000nam a2200000 4500
001 c111304
005 20041019155149.3
041 0 |a cze 
044 |a CZ 
245 1 0 |a Vývozní a dovozní operace  |c František Janatka, Antonín Strnad a kol. 
264 1 |a Praha  |b Státní nakladatelství technické literatury  |c 1984 
300 |a 155 s. 
100 1 |a Janatka, František 
700 1 |a Strnad, Antonín